000
00235 a2200097 4500
001
47929
100
_a
Poplai S L
245
_a
Asia & African in the Modern World
260
_a
Bombay
_b
Asia Publishing House
_c
090
_c
30924
_d
30924
942
_a
NUST-CAE
_c
M
_c
23252
999
_c
283002
_d
283002